000 00446nam a2200181Ia 4500
001 13445
005 20260306164801.0
008 260306t2010||||xx |||||||||||||| ||spa||
041 _aESP
082 _a004.16
_bM42
100 _aMengual, Pilar
_eAUT
245 0 _aStep 7. Una manera fácil de programar PLC de Siemens
260 _c2010
300 _a307 páginas :
_c28 cm.
650 _aGEN
654 _aCCC
942 _cLIB
_dJUS
_fJUS
_2ddc
_n
999 _c13445
_d13445